000 01332nac a22004457a 4500
001 BR8005366
003 BR-BrBNA
005 20240105114800.0
008 230509b bl.|||m| |||| 00| 0 por d
040 _aBR-BrBNA
_bpor
_cBiblioteca Nacional de Agricultura
072 _aE15; E70
090 _a1126 BR8005366
100 1 _aMuniz, A.C.
100 1 _aSantos, J.V.
100 1 _aBassani, L.A.
110 1 _aFundacao Comissao Estadual de Planejamento Agricola do Espirito Santo, Vitoria (Brasil)
_94825
245 1 _aCustos de producao, Espirito Santo, setembro 1980 [estatistica de producao, Brasil]
260 3 _aVitoria, ES (Brasil):
_c1980.
300 _a67 p.
490 _aCustos de Producao - Fundacao Comissao Estadual de Planejamento Agricola do Espirito Santo (Brazil)
_vv. 1(2)
_x
500 _a33 tables
650 _aABACAXI
650 _aALHO
650 _aARROZ
650 _aBANANA
650 _aBATATA
650 _aCEBOLA
650 _aFEIJAO
650 _aMANDIOCA
650 _aMILHO
650 _aPIMENTA DO REINO
650 _aTOMATE
650 _aCUSTO DE PRODUCAO
650 _aANALISE ECONOMICA
650 _aPRECO MINIMO
650 _aESTATISTICA DE PRODUCAO
650 _aESPIRITO SANTO
909 _a202312
_bLúcia Elande
_c55
_dLúcia Elande
942 _2AGRIS
_n0
_cMS
999 _c271263
_d271263